[Event "Mistrovstvi CR senioru nad 60 let"]
[Site "Rychnov nad Kneznou"]
[Date "2015.08.18"]
[Round "4.20"]
[White "Lexa, Vaclav"]
[Black "Wiedermann, Jan"]
[Result "1/2-1/2"]
[WhiteElo "1880"]
[BlackElo "1729"]
[PlyCount "43"]
[EventDate "2015.08.15"]

1. d4 d5 2. c4 e6 3. Nc3 Nf6 4. e3 Be7 5. Nf3 O-O 6. Bd3 dxc4 7. Bxc4 b6 8. O-O
Ba6 9. Bxa6 Nxa6 10. Qe2 Qc8 11. b3 c5 12. Bb2 Qb7 13. Rfd1 Rfe8 14. Rd2 cxd4
15. exd4 Nb4 16. Rad1 Nbd5 17. Nxd5 Nxd5 18. Rc2 Rac8 19. Rdc1 Rxc2 20. Rxc2
Rc8 21. Rxc8+ Qxc8 22. Ne5 1/2-1/2

[Event "Mistrovstvi CR senioru nad 60 let"]
[Site "Rychnov nad Kneznou"]
[Date "2015.08.18"]
[Round "4.21"]
[White "Kasik, Miroslav"]
[Black "Vlachopulos, Georgis"]
[Result "0-1"]
[WhiteElo "1753"]
[BlackElo "1878"]
[PlyCount "116"]
[EventDate "2015.08.15"]

1. e4 g6 2. d4 Bg7 3. Be3 Nf6 4. Nd2 d5 5. f3 dxe4 6. Nxe4 Nd5 7. Bf2 O-O 8. c3
f5 9. Ng3 Nc6 10. Bc4 Kh8 11. N1e2 Be6 12. Bxd5 Bxd5 13. O-O Qd6 14. Re1 Bh6
15. b3 b5 16. Qd3 Rab8 17. Rad1 a5 18. Nc1 Kg8 19. Qc2 Bg7 20. Nd3 Bf7 21. Re2
b4 22. Ne5 bxc3 23. Nxc6 Qxc6 24. Rd3 a4 25. Rxc3 Qa6 26. bxa4 Bf6 27. Rc6 Rb6
28. Rxb6 cxb6 29. Qd1 Rd8 30. f4 Bd5 31. Rb2 Rd6 32. Be3 Rc6 33. Ne2 e6 34. Qd2
Qc8 35. Nc1 Be7 36. Nd3 Rc4 37. Ne5 Rxa4 38. Rxb6 Rxa2 39. Rb2 Ra1+ 40. Kf2
Bh4+ 41. g3 Be7 42. Rc2 Qa6 43. Rc1 Ra2 44. Rc2 Ra3 45. Qe2 Qa8 46. Qb5 Ra2 47.
Rb2 Rxb2+ 48. Qxb2 Kg7 49. Kg1 Qa4 50. Qc1 Kf6 51. Qd2 Bb4 52. Qc1 Qb3 53. Bf2
Bc3 54. Nd7+ Kg7 55. Ne5 Ba8 56. Kf1 Qb5+ 57. Kg1 Qd5 58. Kf1 Qh1+ 0-1

[Event "Mistrovstvi CR senioru nad 60 let"]
[Site "Rychnov nad Kneznou"]
[Date "2015.08.18"]
[Round "4.22"]
[White "Burdilak, Milan"]
[Black "Pittermann, Jan"]
[Result "1/2-1/2"]
[WhiteElo "1743"]
[BlackElo "1832"]
[PlyCount "43"]
[EventDate "2015.08.15"]

1. d4 Nf6 2. Nf3 g6 3. g3 Bg7 4. Bg2 d5 5. O-O O-O 6. Nbd2 Be6 7. Ne5 Qc8 8.
Ndf3 Bh3 9. Re1 Bxg2 10. Kxg2 Nbd7 11. Nxd7 Nxd7 12. e4 dxe4 13. Rxe4 e6 14. c4
c6 15. Qb3 b6 16. Rh4 Qb7 17. Kg1 c5 18. Bh6 cxd4 19. Bxg7 Kxg7 20. Nxd4 e5 21.
Qf3 Qxf3 22. Nxf3 1/2-1/2

[Event "Mistrovstvi CR senioru nad 60 let"]
[Site "Rychnov nad Kneznou"]
[Date "2015.08.18"]
[Round "4.23"]
[White "Tsapanidis, Vasilis"]
[Black "Korinek, Jaroslav"]
[Result "1-0"]
[WhiteElo "1816"]
[BlackElo "1720"]
[PlyCount "83"]
[EventDate "2015.08.15"]

1. c4 Nf6 2. Nc3 c6 3. d4 d5 4. cxd5 cxd5 5. Nf3 Nc6 6. h3 e6 7. Bg5 Be7 8. e3
Bd7 9. Rc1 Rc8 10. Be2 O-O 11. O-O h6 12. Bh4 Ne4 13. Bxe7 Nxe7 14. Ne5 Nxc3
15. Rxc3 Be8 16. Qb3 Rxc3 17. Qxc3 Nc6 18. Nd3 Qa5 19. Qb3 b6 20. Rc1 Bd7 21.
a3 Rc8 22. Rc3 Ne7 23. Rxc8+ Bxc8 24. Qc2 b5 25. Qc5 Qd8 26. Qxb5 Nf5 27. Nc5
Nd6 28. Qb8 Qb6 29. Qxb6 axb6 30. Na4 b5 31. Nc5 Kf8 32. Kf1 Ke7 33. b3 Kd8 34.
Ke1 Kc7 35. Kd2 Kb6 36. f4 Ka5 37. Bd3 f5 38. h4 h5 39. Kc3 g6 40. g3 Kb6 41.
Kb4 Kc6 42. Ka5 1-0

[Event "Mistrovstvi CR senioru nad 60 let"]
[Site "Rychnov nad Kneznou"]
[Date "2015.08.18"]
[Round "4.24"]
[White "Palla, Stanislav"]
[Black "Vesely, Emanuel"]
[Result "1/2-1/2"]
[WhiteElo "1738"]
[BlackElo "1813"]
[PlyCount "93"]
[EventDate "2015.08.15"]

1. e4 c5 2. c3 d5 3. exd5 Qxd5 4. d4 cxd4 5. Qxd4 Nf6 6. Qxd5 Nxd5 7. Nf3 Nc6
8. Na3 a6 9. Nc2 g6 10. g3 Bg7 11. Bg2 Bf5 12. Ne3 Nxc3 13. Nxf5 gxf5 14. Nh4
e6 15. Bd2 Ne4 16. Bxe4 fxe4 17. f3 exf3 18. Nxf3 O-O 19. Rc1 Rac8 20. Bc3 Nd4
21. Nxd4 Bxd4 22. Kd2 Bxc3+ 23. Rxc3 Rxc3 24. Kxc3 Rd8 25. Re1 Rd5 26. Re4 Kf8
27. Rc4 Ke7 28. Rc7+ Rd7 29. Rc4 f5 30. Rh4 Kf6 31. Rh6+ Ke5 32. Rh4 Rc7+ 33.
Kd3 b5 34. a4 bxa4 35. Rxa4 Rd7+ 36. Ke3 Ra7 37. Ra5+ Kf6 38. Kf4 Rb7 39. Rxa6
Rxb2 40. h4 Rb4+ 41. Kf3 Re4 42. Ra7 h6 43. Rh7 Kg6 44. Re7 Kh5 45. Rf7 Rg4 46.
Rf6 Rg6 47. Rf7 1/2-1/2

[Event "Mistrovstvi CR senioru nad 60 let"]
[Site "Rychnov nad Kneznou"]
[Date "2015.08.18"]
[Round "4.25"]
[White "Kotva, Milan"]
[Black "Istel, Oldrich"]
[Result "1-0"]
[WhiteElo "2006"]
[BlackElo "1683"]
[PlyCount "36"]
[EventDate "2015.08.15"]

1. e4 b6 2. d4 Bb7 3. Bd3 e6 4. Ne2 Ne7 5. O-O Ng6 6. f4 f5 7. exf5 exf5 8.
Bxf5 Nh4 9. Bh3 Qf6 10. Ng3 Be7 11. Qh5+ g6 12. Qe5 O-O 13. Qxf6 Bxf6 14. c3
Nc6 15. Bxd7 Nxd4 16. cxd4 Bxd4+ 17. Rf2 Nxg2 18. Ne2 Ne1 1-0

[Event "Mistrovstvi CR senioru nad 70 let a nad "]
[Site "Rychnov nad Kneznou"]
[Date "2015.08.18"]
[Round "4.2"]
[White "Chmelik, Jiri"]
[Black "Volf, Jaroslav"]
[Result "1/2-1/2"]
[WhiteElo "1981"]
[BlackElo "2045"]
[PlyCount "46"]
[EventDate "2015.08.15"]

1. d4 Nf6 2. c4 g6 3. Nc3 d5 4. Nf3 Bg7 5. e3 O-O 6. Qb3 c6 7. Bd2 e6 8. Rc1
Nbd7 9. Be2 Re8 10. O-O Nb6 11. cxd5 exd5 12. Qd1 Bf5 13. Ne5 Nfd7 14. Nf3 Nf6
15. Ne5 Ne4 16. Nxe4 Bxe4 17. Nd3 Nc4 18. b3 Nxd2 19. Qxd2 Bxd3 20. Bxd3 Bf8
21. b4 Qd6 22. b5 cxb5 23. Bxb5 Rec8 1/2-1/2

[Event "Mistrovstvi CR senioru nad 70 let a nad "]
[Site "Rychnov nad Kneznou"]
[Date "2015.08.18"]
[Round "4.3"]
[White "Pecka, Frantisek"]
[Black "Zikmund, Jaroslav"]
[Result "1-0"]
[WhiteElo "2069"]
[BlackElo "1830"]
[PlyCount "52"]
[EventDate "2015.08.15"]

1. e4 e5 2. Nf3 d6 3. d4 exd4 4. Nxd4 Nd7 5. c4 Ngf6 6. Nc3 c6 7. Be2 Be7 8.
Nf5 O-O 9. Nxd6 Bxd6 10. Qxd6 Re8 11. Qd3 Qa5 12. Be3 Nxe4 13. Rc1 Nxc3 14.
Qxc3 Qxc3+ 15. Rxc3 Nf6 16. f3 a6 17. Kf2 Be6 18. Rd1 Rad8 19. Rxd8 Rxd8 20.
Bg5 Rd7 21. Bxf6 gxf6 22. Rd3 Rxd3 23. Bxd3 f5 24. Ke3 c5 25. Kf4 Kg7 26. Ke5
b5 1-0

[Event "Mistrovstvi CR senioru nad 70 let a nad 80 let"]
[Site "Rychnov nad Kneznou"]
[Date "2015.08.18"]
[Round "4.4"]
[White "Vitek, Vaclav"]
[Black "Csizmadia, Lajos"]
[Result "1/2-1/2"]
[WhiteElo "2038"]
[BlackElo "1826"]
[PlyCount "82"]
[EventDate "2015.08.15"]

1. e4 e6 2. d4 d5 3. Nc3 Bb4 4. Nge2 dxe4 5. a3 Bxc3+ 6. Nxc3 Nc6 7. Bb5 Nge7
8. Be3 O-O 9. Qd2 e5 10. dxe5 Qxd2+ 11. Bxd2 Nxe5 12. Nxe4 c6 13. Be2 Rd8 14.
f4 N5g6 15. O-O-O Bf5 16. Nf2 Nd5 17. g3 Rd7 18. Bf3 Be6 19. Rhe1 h6 20. Be4 f5
21. Bd3 Re7 22. h4 b6 23. c4 Nf6 24. g4 Bd7 25. h5 Rxe1 26. Rxe1 Nh4 27. Rh1
Nf3 28. gxf5 Nd4 29. Bc3 Nxf5 30. Bxf6 gxf6 31. Ne4 Kf7 32. Rg1 Ke7 33. c5 Be6
34. b4 Rg8 35. Re1 Rg4 36. Bc4 Rxf4 37. Nd6 Ng7 38. cxb6 axb6 39. Nc8+ Kd7 40.
Bxe6+ Nxe6 41. Nxb6+ Kd6 1/2-1/2

[Event "Mistrovstvi CR senioru nad 70 let a nad 80 let"]
[Site "Rychnov nad Kneznou"]
[Date "2015.08.18"]
[Round "4.5"]
[White "Jedlicka, Eduard"]
[Black "Most, Zdenek"]
[Result "0-1"]
[WhiteElo "1665"]
[BlackElo "2033"]
[PlyCount "84"]
[EventDate "2015.08.15"]

1. d4 Nf6 2. Nf3 g6 3. c4 Bg7 4. Nc3 d5 5. e3 O-O 6. Bd3 c6 7. O-O Nbd7 8. b3
a6 9. Bb2 b5 10. Qd2 Bb7 11. Rfd1 Re8 12. Ne2 e6 13. a4 Qb6 14. c5 Qc7 15. b4
Ne4 16. Qc2 f5 17. Ra2 Re7 18. axb5 cxb5 19. Rda1 Rf8 20. Nd2 Nb8 21. Nb3 Nc6
22. Bc3 g5 23. f3 Nf6 24. Na5 Nxa5 25. Rxa5 Bh6 26. Bd2 Qc6 27. Re1 Rg7 28. Kh1
Kh8 29. Bc1 Rfg8 30. Rg1 Nh5 31. g4 fxg4 32. fxg4 Nf6 33. Ng3 Rf7 34. h3 Rgf8
35. Ra2 Ne4 36. Rg2 Rf3 37. Qb1 Nxg3+ 38. Kh2 Ne4 39. Qb3 Qc7+ 40. Kg1 Bg7 41.
Qb2 Rxh3 42. Bxe4 dxe4 0-1

[Event "Mistrovstvi CR senioru nad 70 let a nad "]
[Site "Rychnov nad Kneznou"]
[Date "2015.08.18"]
[Round "4.6"]
[White "Glembek, Bohumir"]
[Black "Skokan, Zdenek"]
[Result "1/2-1/2"]
[WhiteElo "1817"]
[BlackElo "1995"]
[PlyCount "37"]
[EventDate "2015.08.15"]

1. d4 Nf6 2. c4 g6 3. Nc3 d6 4. e4 Bg7 5. f4 O-O 6. Nf3 c5 7. d5 Bg4 8. Be2
Nbd7 9. O-O a6 10. h3 Bxf3 11. Bxf3 Qc7 12. Bd2 Rab8 13. a4 e5 14. Qc2 exf4 15.
Bxf4 Rfe8 16. Rae1 Ne5 17. b3 Nfd7 18. Be2 Rf8 19. g4 1/2-1/2

[Event "Mistrovstvi CR senioru nad 70 let a nad "]
[Site "Rychnov nad Kneznou"]
[Date "2015.08.18"]
[Round "4.7"]
[White "Laszkiewicz, Jerzy"]
[Black "Haderka, Karel"]
[Result "1/2-1/2"]
[WhiteElo "1935"]
[BlackElo "1820"]
[PlyCount "61"]
[EventDate "2015.08.15"]

1. e4 e5 2. Nf3 Nc6 3. Nc3 Nf6 4. Bb5 d6 5. d4 exd4 6. Qxd4 Bd7 7. Bxc6 Bxc6 8.
O-O Be7 9. Bg5 O-O 10. Rfe1 h6 11. Bh4 Nh7 12. Bxe7 Qxe7 13. Rad1 Ng5 14. Nxg5
Qxg5 15. Re3 Qe5 16. Qxe5 dxe5 17. Red3 f6 18. f3 Rae8 19. Nd5 Rf7 20. b3 Bxd5
21. Rxd5 Rfe7 22. Kf2 Kf7 23. Ke3 a6 24. c4 Ke6 25. c5 h5 26. R5d3 a5 27. a3
Ra8 28. g3 g5 29. h3 Rg8 30. c6 b6 31. b4 1/2-1/2

[Event "Mistrovstvi CR senioru nad 70 let a nad "]
[Site "Rychnov nad Kneznou"]
[Date "2015.08.18"]
[Round "4.8"]
[White "Mutina, Antonin"]
[Black "Pavlicek, Petr"]
[Result "0-1"]
[WhiteElo "1847"]
[BlackElo "1931"]
[PlyCount "113"]
[EventDate "2015.08.15"]

1. d4 Nf6 2. Bg5 Ne4 3. Bf4 c5 4. d5 Qa5+ 5. c3 d6 6. f3 Nf6 7. e4 Nbd7 8. Nd2
Ne5 9. Bxe5 dxe5 10. Qb3 Qb6 11. Qxb6 axb6 12. Nc4 Nd7 13. Na3 h5 14. Bb5 Rh6
15. Ne2 e6 16. c4 Bd6 17. Nc3 Ke7 18. dxe6 fxe6 19. O-O Nb8 20. Rfd1 Nc6 21.
Bxc6 bxc6 22. Rd2 Ba6 23. Rad1 Rd8 24. b3 Rhh8 25. h4 Bc7 26. Rxd8 Rxd8 27.
Rxd8 Bxd8 28. Kf2 Kd7 29. g3 g5 30. hxg5 Bxg5 31. Ne2 b5 32. f4 exf4 33. gxf4
Bh4+ 34. Ng3 Ke7 35. Kf3 Bxg3 36. Kxg3 Kf6 37. Kh4 Kg6 38. Nc2 bxc4 39. bxc4
Bxc4 40. a4 Bd3 41. a5 c4 42. a6 Bxe4 43. Nd4 c3 44. Nb3 c2 45. a7 c5 46. Nc1
c4 47. Na2 Kf5 48. Kxh5 Kxf4 49. Nc1 e5 50. Kh4 Kf3 51. Kg5 Bd5 52. Kf6 e4 53.
Ke5 Ba8 54. Kd4 e3 55. Kxc4 e2 56. Nd3 c1=Q+ 57. Nxc1 0-1

[Event "Mistrovstvi CR senioru nad 70 let a nad "]
[Site "Rychnov nad Kneznou"]
[Date "2015.08.18"]
[Round "4.9"]
[White "Macura, Emil"]
[Black "Abraham, Karel"]
[Result "1-0"]
[WhiteElo "2016"]
[BlackElo "1776"]
[PlyCount "81"]
[EventDate "2015.08.15"]

1. d4 Nf6 2. Nd2 d5 3. Ngf3 e6 4. e3 c5 5. c3 cxd4 6. exd4 Be7 7. Bd3 O-O 8.
Ne5 Re8 9. Ndf3 Nfd7 10. Qe2 f6 11. Nxd7 Bxd7 12. Qc2 f5 13. g4 e5 14. Nxe5 Bf6
15. f4 Bxe5 16. fxe5 Qh4+ 17. Qf2 Qxf2+ 18. Kxf2 fxg4 19. Kg3 Rf8 20. Be2 h5
21. Bg5 Nc6 22. b4 Nd8 23. Bxd8 Raxd8 24. Rhf1 Bf5 25. c4 g5 26. c5 h4+ 27. Kg2
Be4+ 28. Kg1 Bf3 29. Bxf3 gxf3 30. h3 Rf4 31. Rad1 Rdf8 32. Kf2 Re4 33. Rfe1 g4
34. hxg4 Rxg4 35. Rg1 Rff4 36. Rxg4+ Rxg4 37. Kxf3 Rg3+ 38. Kf4 Ra3 39. Rd2 h3
40. e6 Kf8 41. Ke5 1-0

[Event "Mistrovstvi CR senioru nad 70 let a nad 80 let"]
[Site "Rychnov nad Kneznou"]
[Date "2015.08.18"]
[Round "4.10"]
[White "Tomandl, Vladimir"]
[Black "Tolar, Jan"]
[Result "0-1"]
[WhiteElo "1861"]
[BlackElo "1653"]
[PlyCount "76"]
[EventDate "2015.08.15"]

1. e4 d5 2. exd5 Nf6 3. Nc3 Nxd5 4. d4 e6 5. Nxd5 Qxd5 6. c4 Bb4+ 7. Bd2 Qe4+
8. Ne2 Bxd2+ 9. Qxd2 O-O 10. f3 Qh4+ 11. g3 Qe7 12. Bg2 c6 13. O-O Rd8 14. Qc3
Nd7 15. f4 Nf6 16. Rad1 Qc7 17. b4 b6 18. Nc1 Bb7 19. Nd3 a5 20. bxa5 Rxa5 21.
Rd2 Rda8 22. Nc1 Ra3 23. Qc2 Ng4 24. Rf3 Ne3 25. Rxe3 Rxe3 26. Kf2 Rea3 27. Qe4
R3a7 28. Qe5 Qe7 29. f5 Qg5 30. Re2 Qxc1 31. fxe6 f6 32. Qc7 Ba6 33. Qxc6 Qxc4
34. Qxc4 Bxc4 35. Bxa8 Bxe2 36. Bd5 Bb5 37. e7+ Kh8 38. Bc4 Be8 0-1

[Event "Mistrovstvi CR senioru nad 50 let"]
[Site "Rychnov nad Kneznou"]
[Date "2015.08.19"]
[Round "5.1"]
[White "Urban, Zdenek"]
[Black "Elias, Miroslav"]
[Result "1-0"]
[WhiteElo "2128"]
[BlackElo "2083"]
[PlyCount "71"]
[EventDate "2015.08.15"]

1. c4 Nf6 2. g3 g6 3. Bg2 Bg7 4. Nc3 e5 5. e4 O-O 6. Nge2 d6 7. O-O Bg4 8. f3
Bd7 9. d4 Nc6 10. d5 Na5 11. Qd3 c5 12. dxc6 Qb6+ 13. Be3 Qxc6 14. b3 Rfd8 15.
Rfd1 Be6 16. Rac1 b6 17. Nd5 Bxd5 18. cxd5 Qd7 19. h4 Nb7 20. b4 Qa4 21. Rc7
Rd7 22. Rxd7 Nxd7 23. Bh3 Rd8 24. a3 f5 25. Rc1 a5 26. Rc7 axb4 27. axb4 Qxb4
28. Rxb7 Nc5 29. Bxc5 Qxc5+ 30. Kg2 Ra8 31. exf5 Ra3 32. Qd2 e4 33. fxe4 Qc4
34. Rxg7+ Kf8 35. Qb2 Qxe4+ 36. Kh2 1-0

[Event "Mistrovstvi CR senioru nad 50 let"]
[Site "Rychnov nad Kneznou"]
[Date "2015.08.19"]
[Round "5.2"]
[White "Jagiela, Piotr"]
[Black "Kozak, Milos"]
[Result "1/2-1/2"]
[WhiteElo "1696"]
[BlackElo "2160"]
[PlyCount "87"]
[EventDate "2015.08.15"]

1. d4 Nf6 2. c4 e6 3. Nf3 Bb4+ 4. Bd2 a5 5. e3 b6 6. Bd3 Bb7 7. a3 Bxd2+ 8.
Nbxd2 d6 9. Qc2 Nbd7 10. O-O h6 11. b4 Qe7 12. Rab1 O-O 13. e4 axb4 14. axb4 e5
15. c5 dxc5 16. bxc5 Bc8 17. c6 Nb8 18. Nxe5 Rd8 19. Qc3 Ra3 20. Rb3 Rxb3 21.
Nxb3 Ba6 22. Bxa6 Nxa6 23. f3 Nh5 24. g3 Nb8 25. Rc1 Qg5 26. Kf2 Rf8 27. Qe3
Qe7 28. Nd2 Rd8 29. Ng4 Qd6 30. d5 Na6 31. Nb3 Re8 32. Qd3 Nb4 33. Qc4 Ra8 34.
Ra1 Rxa1 35. Nxa1 f5 36. Ne3 fxe4 37. Qxe4 Nf6 38. Qc4 Nfxd5 39. Nb3 Kh8 40.
Nxd5 Nxd5 41. Nd4 Ne7 42. f4 Qa3 43. h3 Qd6 44. Ke3 1/2-1/2

[Event "Mistrovstvi CR senioru nad 50 let"]
[Site "Rychnov nad Kneznou"]
[Date "2015.08.19"]
[Round "5.3"]
[White "Humlicek, Vojtech"]
[Black "Kuru, Martin"]
[Result "1/2-1/2"]
[WhiteElo "2012"]
[BlackElo "1935"]
[PlyCount "88"]
[EventDate "2015.08.15"]

1. e4 c6 2. d4 d5 3. Nc3 dxe4 4. Nxe4 Bf5 5. Ng3 Bg6 6. Nh3 Nf6 7. Nf4 e6 8. c3
Nbd7 9. h4 c5 10. h5 Be4 11. Nxe4 Nxe4 12. Qe2 Nef6 13. Be3 cxd4 14. Bxd4 Bd6
15. Nd3 Qc7 16. O-O-O O-O-O 17. Kb1 Kb8 18. f3 Rhe8 19. Qc2 e5 20. Bf2 Nb6 21.
Nc1 Nc4 22. Bd3 h6 23. Rh4 Nb6 24. Qb3 Nfd5 25. Bc4 Bc5 26. Bxc5 Qxc5 27. Nd3
Qe7 28. Re4 Nxc4 29. Qxc4 Nb6 30. Qb3 Qc7 31. g4 f6 32. a4 Rd6 33. Nf2 Red8 34.
Rxd6 Qxd6 35. a5 Nd7 36. Rb4 Nc5 37. Qc2 Qd2 38. Ne4 Qe1+ 39. Ka2 Nd3 40. Rb5
Nc1+ 41. Ka3 Qf1 42. Qa4 Nd3 43. Qb3 Qa1+ 44. Qa2 Qf1 1/2-1/2

[Event "Mistrovstvi CR senioru nad 50 let"]
[Site "Rychnov nad Kneznou"]
[Date "2015.08.19"]
[Round "5.4"]
[White "Korinkova, Eva"]
[Black "Marinov, Peter"]
[Result "0-1"]
[WhiteElo "1734"]
[BlackElo "1776"]
[PlyCount "88"]
[EventDate "2015.08.15"]

1. Nf3 d5 2. g3 e6 3. Bg2 Bd6 4. d3 f5 5. O-O Nf6 6. Nc3 c6 7. e4 fxe4 8. dxe4
Nbd7 9. Re1 Ng4 10. exd5 O-O 11. dxe6 Nde5 12. Ne4 Be7 13. Nxe5 Qxd1 14. Rxd1
Nxe5 15. Bf4 Ng6 16. Bd6 Bxe6 17. Bxe7 Nxe7 18. Nc5 Bc8 19. Nxb7 Rb8 20. Nd6
Rxb2 21. Nxc8 Rxc8 22. Be4 Nd5 23. Rd2 g6 24. a3 Rc7 25. Re1 Kg7 26. Rc1 Nc3
27. f3 Re7 28. Re1 c5 29. Kf2 c4 30. Re3 Nb1 31. Rd4 Rc7 32. Ke1 c3 33. a4 Nd2
34. Bd3 a5 35. Rd5 Nc4 36. Re4 Rb1+ 37. Ke2 Nb2 38. Rb5 Rh1 39. Rh4 Nxd3 40.
Kxd3 Rd1+ 41. Ke3 Rd2 42. Rb1 Rxc2 43. Kd3 Rd2+ 44. Ke3 c2 0-1

[Event "Mistrovstvi CR senioru nad 50 let"]
[Site "Rychnov nad Kneznou"]
[Date "2015.08.19"]
[Round "5.5"]
[White "Privoznik, Lubos"]
[Black "Dolezal, Rudolf"]
[Result "1/2-1/2"]
[WhiteElo "1607"]
[BlackElo "1758"]
[PlyCount "39"]
[EventDate "2015.08.15"]

1. e4 g6 2. d4 Bg7 3. Be3 c6 4. Nc3 d5 5. e5 f6 6. f4 Nh6 7. h3 O-O 8. g4 fxe5
9. dxe5 e6 10. Nf3 Nd7 11. Qe2 a6 12. O-O-O c5 13. Bd2 b5 14. Bg2 b4 15. Na4
Qa5 16. b3 Rb8 17. Kb1 c4 18. Nd4 cxb3 19. cxb3 Bb7 20. Nxe6 1/2-1/2

[Event "Mistrovstvi CR senioru nad 50 let"]
[Site "Rychnov nad Kneznou"]
[Date "2015.08.19"]
[Round "5.6"]
[White "Plachetka, Milan"]
[Black "Malinovsky, Petr"]
[Result "0-1"]
[WhiteElo "1598"]
[BlackElo "2006"]
[PlyCount "24"]
[EventDate "2015.08.15"]

1. e4 c5 2. Nf3 e6 3. d4 cxd4 4. Nxd4 Nf6 5. Nc3 Nc6 6. Nxc6 bxc6 7. e5 Nd5 8.
Nxd5 cxd5 9. Be3 d6 10. exd6 Bxd6 11. Bb5+ Bd7 12. Qd3 Qa5+ 0-1

[Event "Mistrovstvi CR senioru nad 60 let"]
[Site "Rychnov nad Kneznou"]
[Date "2015.08.19"]
[Round "5.1"]
[White "Vorobyov, Yrij"]
[Black "Lorenc, Oldrich"]
[Result "1-0"]
[WhiteElo "2130"]
[BlackElo "2050"]
[PlyCount "85"]
[EventDate "2015.08.15"]

1. Nf3 d5 2. g3 g6 3. c4 c6 4. Qc2 Bg7 5. Bg2 Nf6 6. O-O O-O 7. b3 Bf5 8. d3
dxc4 9. bxc4 Qc8 10. Re1 e5 11. Nxe5 Re8 12. Bb2 Nbd7 13. Nf3 Nc5 14. Nc3 Bh3
15. Bh1 Qf5 16. e4 Qh5 17. d4 Bg4 18. Ne5 Ne6 19. Ne2 Rad8 20. d5 Ng5 21. Nf4
Nh3+ 22. Nxh3 Qxh3 23. f4 Nd7 24. Bg2 Qh5 25. Nxg4 Qxg4 26. Bxg7 Kxg7 27. Qb2+
Kg8 28. Qxb7 cxd5 29. cxd5 a5 30. Qa7 g5 31. Qf2 gxf4 32. gxf4 Kh8 33. Qg3 Qh5
34. Qc3+ f6 35. Re3 Rc8 36. Qxa5 Rc2 37. Qe1 Rg8 38. Rg3 Rgc8 39. a4 Nc5 40.
Qd1 Re2 41. Re3 Rxg2+ 42. Kxg2 Rg8+ 43. Rg3 1-0

[Event "Mistrovstvi CR senioru nad 60 let"]
[Site "Rychnov nad Kneznou"]
[Date "2015.08.19"]
[Round "5.2"]
[White "Jablecnik, Gustav"]
[Black "Uhmann, Jan"]
[Result "1/2-1/2"]
[WhiteElo "2102"]
[BlackElo "2019"]
[PlyCount "42"]
[EventDate "2015.08.15"]

1. e4 e5 2. Nf3 Nc6 3. Bb5 a6 4. Bxc6 dxc6 5. O-O Ne7 6. d4 exd4 7. Nxd4 Ng6 8.
Nc3 c5 9. Nde2 Qxd1 10. Rxd1 Bd7 11. Be3 O-O-O 12. f4 f6 13. Nd5 Bg4 14. Rd2
Bd6 15. h3 Bxe2 16. Rxe2 Rhe8 17. Bd2 c4 18. g3 Bc5+ 19. Kf1 Nf8 20. Ba5 b6 21.
Be1 Ne6 1/2-1/2

[Event "Mistrovstvi CR senioru nad 60 let"]
[Site "Rychnov nad Kneznou"]
[Date "2015.08.19"]
[Round "5.3"]
[White "Rucka, Alois"]
[Black "Sejkora, Vlastimil"]
[Result "0-1"]
[WhiteElo "1923"]
[BlackElo "2260"]
[PlyCount "96"]
[EventDate "2015.08.15"]

1. d4 g6 2. c4 Bg7 3. Nc3 Nf6 4. e4 d6 5. f3 O-O 6. Be3 Nc6 7. Qd2 e5 8. d5 Nd4
9. Nge2 c5 10. dxc6 Nxc6 11. Nb5 Be6 12. Nec3 a6 13. Na3 Nd4 14. Bd3 Nd7 15.
O-O Rc8 16. Rac1 Qa5 17. Rfd1 Nc5 18. Nd5 Qxd2 19. Rxd2 Nxd3 20. Ne7+ Kh8 21.
Rxd3 Ne2+ 22. Kf2 Nxc1 23. Bxc1 Rce8 24. Nd5 Bxd5 25. Rxd5 Re6 26. Nb1 f5 27.
Nc3 Rc8 28. Be3 Rxc4 29. Ke2 Kg8 30. Kd3 Rc6 31. a4 Re8 32. a5 Kf7 33. Kc2 Ke6
34. Rd3 Bf6 35. b4 Rec8 36. Kb3 Rxc3+ 37. Rxc3 Rxc3+ 38. Kxc3 d5 39. exd5+ Kxd5
40. Kb3 g5 41. g4 e4 42. gxf5 exf3 43. Kc2 Ke4 44. Bg1 g4 45. Kb3 Kxf5 46. Kc4
Ke4 47. b5 axb5+ 48. Kxb5 Bd4 0-1

[Event "Mistrovstvi CR senioru nad 60 let"]
[Site "Rychnov nad Kneznou"]
[Date "2015.08.19"]
[Round "5.4"]
[White "Mlynek, Petr"]
[Black "Just, Pavel"]
[Result "1/2-1/2"]
[WhiteElo "2197"]
[BlackElo "1999"]
[PlyCount "44"]
[EventDate "2015.08.15"]

1. d4 Nf6 2. c4 e6 3. g3 Bb4+ 4. Bd2 Qe7 5. Bg2 d5 6. Nf3 O-O 7. O-O Bxd2 8.
Nbxd2 c6 9. Qc2 b6 10. e4 Bb7 11. e5 Nfd7 12. cxd5 cxd5 13. Rfc1 Nc6 14. Qa4
Rfc8 15. Rc3 Qb4 16. Qxb4 Nxb4 17. a3 Rxc3 18. bxc3 Nc6 19. Bf1 Rc8 20. Bb5
Ndb8 21. Ne1 Na5 22. Rc1 Kf8 1/2-1/2

[Event "Mistrovstvi CR senioru nad 60 let"]
[Site "Rychnov nad Kneznou"]
[Date "2015.08.19"]
[Round "5.5"]
[White "Trojan, Lubos"]
[Black "Novotny, Josef"]
[Result "0-1"]
[WhiteElo "1998"]
[BlackElo "2150"]
[PlyCount "66"]
[EventDate "2015.08.15"]

1. d4 e6 2. Nf3 d6 3. Bf4 g6 4. c3 f6 5. e4 Nh6 6. Be2 Bg7 7. Qd2 Nf7 8. Na3
O-O 9. h4 Nc6 10. Be3 Ne7 11. g4 d5 12. e5 fxe5 13. h5 exd4 14. cxd4 Nd6 15.
O-O-O Ne4 16. Qe1 c5 17. hxg6 Nxg6 18. Qg1 Rf7 19. Qh2 Bh8 20. Nc2 Bd7 21. Nd2
cxd4 22. Nxe4 dxe3 23. Nd6 Qb6 24. b3 Be5 25. Nxf7 Bxh2 26. Nh6+ Kg7 27. Rxh2
Rc8 28. Rdh1 Qd4 29. Kb1 Qd2 30. Bd3 e2 31. Nf5+ exf5 32. Rxh7+ Kf6 33. g5+ Ke5
0-1

[Event "Mistrovstvi CR senioru nad 60 let"]
[Site "Rychnov nad Kneznou"]
[Date "2015.08.19"]
[Round "5.6"]
[White "Juricek, Stanislav"]
[Black "Sobotnik, Petr"]
[Result "1-0"]
[WhiteElo "2112"]
[BlackElo "1984"]
[PlyCount "53"]
[EventDate "2015.08.15"]

1. e4 b6 2. d4 Bb7 3. Bd3 Nf6 4. Qe2 e6 5. Nf3 Be7 6. O-O O-O 7. c3 c5 8. Bg5
d5 9. Nbd2 Nbd7 10. Rfe1 dxe4 11. Nxe4 Nxe4 12. Bxe7 Nxc3 13. Bxh7+ Kh8 14.
bxc3 Qxe7 15. Be4 Bxe4 16. Qxe4 cxd4 17. cxd4 Nf6 18. Qh4+ Kg8 19. Ng5 Rfd8 20.
Re3 Qd6 21. Rd1 Rac8 22. Rh3 Kf8 23. Qh8+ Ng8 24. Rf3 f6 25. Qh5 Rc7 26. Qg6
Nh6 27. Nh7+ 1-0

[Event "Mistrovstvi CR senioru nad 60 let"]
[Site "Rychnov nad Kneznou"]
[Date "2015.08.19"]
[Round "5.7"]
[White "Drabek, Miloslav"]
[Black "Oburka, Vladislav"]
[Result "1-0"]
[WhiteElo "2079"]
[BlackElo "1874"]
[PlyCount "63"]
[EventDate "2015.08.15"]

1. d4 Nf6 2. Nf3 e6 3. c4 Bb4+ 4. Bd2 Bxd2+ 5. Qxd2 c6 6. Nc3 d5 7. e3 O-O 8.
Bd3 Nbd7 9. O-O h6 10. Rac1 Re8 11. Rfd1 Qe7 12. e4 dxe4 13. Nxe4 Nxe4 14. Bxe4
Nf6 15. Bb1 b6 16. Ne5 Bb7 17. Qe3 Rac8 18. a3 a5 19. Rd2 c5 20. dxc5 Qxc5 21.
Qxc5 Rxc5 22. Re1 Kf8 23. b4 Rc7 24. Red1 Bc8 25. Bc2 g6 26. f3 axb4 27. axb4
Kg7 28. Ba4 Rf8 29. Rd6 Ne8 30. Rxb6 f6 31. Nd7 Bxd7 32. Rxd7+ 1-0

[Event "Mistrovstvi CR senioru nad 60 let"]
[Site "Rychnov nad Kneznou"]
[Date "2015.08.19"]
[Round "5.8"]
[White "Palla, Rostislav"]
[Black "Salac, Jiri"]
[Result "0-1"]
[WhiteElo "1790"]
[BlackElo "2128"]
[PlyCount "40"]
[EventDate "2015.08.15"]

1. e4 c5 2. Nf3 d6 3. d4 cxd4 4. Nxd4 Nf6 5. Nc3 a6 6. Bg5 e6 7. f4 Be7 8. Qf3
Qc7 9. O-O-O Nbd7 10. Bxf6 Nxf6 11. g4 b5 12. g5 Nd7 13. f5 Bxg5+ 14. Kb1 Nc5
15. Bh3 b4 16. Qh5 Bf6 17. Nce2 e5 18. Nb3 Nxe4 19. Bg2 Bb7 20. Bxe4 Bxe4 0-1

[Event "Mistrovstvi CR senioru nad 60 let"]
[Site "Rychnov nad Kneznou"]
[Date "2015.08.19"]
[Round "5.9"]
[White "Ondrejat, Miroslav"]
[Black "Tsapanidis, Vasilis"]
[Result "1/2-1/2"]
[WhiteElo "1992"]
[BlackElo "1816"]
[PlyCount "74"]
[EventDate "2015.08.15"]

1. Nf3 d5 2. b3 Nf6 3. Bb2 c6 4. g3 Nbd7 5. Bg2 g6 6. O-O Bg7 7. d3 O-O 8. Nbd2
Re8 9. c4 e5 10. cxd5 Nxd5 11. Rb1 Qa5 12. Nc4 Qc7 13. e4 N5b6 14. Bh3 Nxc4 15.
dxc4 Nc5 16. Bxc8 Raxc8 17. Qe2 Rcd8 18. Rbd1 f6 19. Kg2 Rxd1 20. Rxd1 Rd8 21.
Rxd8+ Qxd8 22. Ne1 Bh6 23. Ba3 Ne6 24. Qd3 Qxd3 25. Nxd3 Bf8 26. Bb2 Nc5 27.
Nxc5 Bxc5 28. f4 Bd6 29. Kf3 Kf7 30. f5 Bc5 31. fxg6+ Kxg6 32. Kg4 Bg1 33. h4
h5+ 34. Kf3 Bd4 35. Ba3 c5 36. Bc1 Bc3 37. Be3 b6 1/2-1/2